Normal view
MARC view
Entry Topical Term
001 - CONTROL NUMBER
- control field: 261335
003 - CONTROL NUMBER IDENTIFIER
- control field: OSt
005 - DATE AND TIME OF LATEST TRANSACTION
- control field: 20260410113524.0
008 - FIXED-LENGTH DATA ELEMENTS
- fixed length control field: 260410|| aca||aabn | a|a d
040 ## - CATALOGING SOURCE
- Original cataloging agency: OSt
- Transcribing agency: OSt
150 ## - HEADING--TOPICAL TERM
- Topical term or geographic name entry element: Jainism
670 ## - SOURCE DATA FOUND
- Source citation: Work cat.: (OSt)80081: KAILASHACHANDRA SHASTHRI. ಕೈಲಾಶಚಂದ್ರ ಶಾಸ್ತ್ರಿ 261334, Jaina dharma., 1969